Hegel /

Salvato in:
Dettagli Bibliografici
Autore principale: Taylor, Charles (autor)
Altri autori: Lazo Briones, Pablo (prólogo y traducción) (prólogo y traducción), Leyva, Gustavo (prólogo) (prólogo), Castro Merrifield, Francisco (traducción) (traducción), Mendiola Mejía, Carlos (traducción) (traducción)
Natura: Libro
Lingua:spagnolo
Pubblicazione: Barcelona, España : México : Anthropos ; Universidad Iberoamericana : Universidad Autónoma Metropolitana, 2010, c2010
Tags: Aggiungi Tag
Nessun Tag, puoi essere il primo ad aggiungerne!!

MARC

LEADER 00000nam^a2200000^a^4500
001 000613344
005 20250521000000.0
009 20260310133621.001
020 |a 978-84-7658-946-5 
037 |a Acervo Xavier Clavigero 
041 |a ESP 
091 |a FDU. 01108 
100 |a Taylor, Charles  |e (autor) 
245 1 0 |a Hegel / 
264 4 |a Barcelona, España :  |b Anthropos ;  |a México :  |b Universidad Iberoamericana :  |b Universidad Autónoma Metropolitana,  |c 2010, c2010 
300 |a XXII, 520 p. 
336 |a texto  |b txt  |2 rdacontenido 
337 |a sin mediación  |b n  |2 rdamedio 
338 |a volumen  |b nc  |2 rdasoporte 
649 |a XX 
700 |a Lazo Briones, Pablo  |e (prólogo y traducción) 
700 |a Leyva, Gustavo  |e (prólogo) 
700 |a Castro Merrifield, Francisco  |e (traducción) 
700 |a Mendiola Mejía, Carlos  |e (traducción) 
910 |a Fondo Víctor Raúl Durana Valerio S.J. 
920 |a Impresos - Libros 
930 |a Fondos Especiales 
905 |a 116 
901 |a 613344-10  |b IT2  |c ESP  |i D3713  |u 20250521 
902 |a https://opac.biblio.iteso.mx/vufind/Record/000613344